[Event "HCL-A2598"]
[Site "www.playchess.de"]
[Date "2006.02.28"]
[Round "5"]
[White "scotty4u"]
[Black "baggur"]
[WhiteElo "1289"]
[BlackElo "1600"]
[PlyCount "54"]
[Result "1/2-1/2"]

1.e4 c5 2.Nf3 Nc6 3.Bc4 e6 4.O-O Nge7 5.d4 cxd4 
6.Nxd4 g6 7.Bg5 Bg7 8.Nxc6 bxc6 9.Qd6 h6 10.Bxe7 
Qxe7 11.Qxe7+ Kxe7 12.c3 Rb8 13.Bb3 d5 14.exd5 
cxd5 15.Nd2 Ba6 16.Rfe1 Rhd8 17.Nf3 Kf8 18.h3 d4 
19.cxd4 Bxd4 20.Nxd4 Rxd4 21.Rad1 Rbd8 22.Rxd4 
Rxd4 23.Rd1 Rxd1+ 24.Bxd1 Ke7 25.f4 Kd6 26.Kf2 Kd5 
27.Ke3 Bb5 {(offering draw)}  1/2-1/2

[Event "HCL-C4164"]
[Site "www.playchess.de"]
[Date "2006.02.28"]
[Round "29"]
[White "nichju"]
[Black "Varaboca"]
[WhiteElo "1075"]
[BlackElo "971"]
[PlyCount "84"]
[Result "0-1"]

1.e4 {Greetings from Germany and good luck to you} 
 e5 {Thanks, salud and good luck}  2.Nf3 Nc6 3.Bc4 
Bc5 4.O-O Nf6 5.c3 Nxe4 6.Qe2 d5 7.Bb5 O-O 8.d3 a6 
9.Bxc6 bxc6 10.dxe4 Re8 11.exd5 cxd5 12.Nxe5 Re6 
13.Nxf7 Kxf7 14.Qh5+ Kg8 15.Bg5 Qf8 16.Bh4 Bb7 
17.Nd2 Rae8 18.b4 Bd6 19.c4 d4 20.Bg5 g6 21.Bh6 
gxh5 22.Bxf8 Rxf8 23.Rae1 Rg6 24.g3 Bxb4 25.Reb1 
a5 26.Nb3 Be4 27.Rbd1 d3 28.h4 a4 29.Nd2 Bf5 
30.Nf3 Re8 31.Rdb1 Bc5 32.Rb5 Rc6 33.Re1 Be6 
34.Ng5 Bd7 35.Rxe8+ Bxe8 36.Rb8 Kf8 37.Nxh7+ Ke7 
38.Ra8 Rd6 39.Ng5 d2 40.Ne4 d1Q+ 41.Kg2 Bc6 42.Ra7 
Bxa7 0-1

[Event "HCL-A2496"]
[Site "www.playchess.de"]
[Date "2006.02.28"]
[Round "18"]
[White "MimiSiku"]
[Black "Marius_sah"]
[WhiteElo "1552"]
[BlackElo "1406"]
[PlyCount "151"]
[Result "1/2-1/2"]

1.e4 {Hi again. Let's have a nice match!}  e5 {Hi. 
Good luck!}  2.Nf3 Nc6 3.d4 exd4 4.Nxd4 Bc5 5.Nxc6 
bxc6 6.Bd3 d6 7.O-O Nf6 8.Bg5 O-O 9.Qf3 h6 10.Bxf6 
Qxf6 11.Qxf6 gxf6 12.Nd2 a5 13.Kh1 Ba6 14.Bxa6 
Rxa6 15.f3 Rb8 16.b3 a4 17.c3 axb3 18.axb3 Rxa1 
19.Rxa1 Be3 20.Nc4 Bf4 21.g3 Be5 22.Nxe5 fxe5 
23.b4 d5 24.Ra7 d4 25.Rxc7 Rd8 26.cxd4 exd4 
27.Rxc6 d3 28.Rc1 Kf8 29.Kg2 Rd4 30.Rd1 Ke7 31.Kf2 
Rxb4 32.Rxd3 Rb2+ 33.Kg1 Ke6 34.f4 h5 35.h4 f6 
36.Re3 Rd2 37.Kf1 Ra2 38.Re2 Ra3 39.Kf2 Ra1 40.Rb2 
Ra5 41.Rb6+ Kf7 42.f5 Ra3 43.Rb7+ Kg8 44.Rb5 Kf7 
45.Rd5 Rb3 46.Rd7+ Kg8 47.Re7 Ra3 48.e5 fxe5 
49.Rxe5 Kf7 50.f6 Kxf6 51.Rxh5 Rb3 52.Rg5 Ra3 
53.g4 Rh3 54.Rf5+ Kg7 55.h5 Ra3 56.g5 Rh3 57.h6+ 
Kg6 58.Re5 Ra3 59.Re8 Kh7 60.Re3 Ra5 61.Rg3 Kg6 
62.Kg2 Rb5 63.Kh3 Rb4 64.Rg4 Rb3+ 65.Kh4 Rb1 
66.Rg3 Rb4+ 67.Rg4 Rb1 68.Rg3 Rb4+ 69.Kh3 Ra4 
70.Rg4 Ra3+ 71.Kg2 Rb3 {(offering draw)}  72.Rg3 
Rb4 73.Kf3 Ra4 74.Ke2 Rb4 75.Ke3 Ra4 76.Kd2 
{(offering draw) I really thought, I could win 
this match! It's unbelieveable...} 
 1/2-1/2

[Event "HCL-T263"]
[Site "www.playchess.de"]
[Date "2006.02.28"]
[Round "9"]
[White "daveboy6968"]
[Black "wbaldan"]
[WhiteElo "940"]
[BlackElo "1754"]
[PlyCount "64"]
[Result "0-1"]

1.d4 f5 2.c4 Nf6 3.d5 {hello+good luck :-)}  g6 
4.f3 Bg7 5.Nh3 O-O 6.Bf4 d6 7.Nc3 c6 8.e3 e5 9.Bg5 
Qb6 10.b3 f4 11.exf4 Bxh3 12.gxh3 Qe3+ 13.Be2 
Qxc3+ 14.Kf2 Qd4+ 15.Kg3 Nh5+ 16.Kg2 Nxf4+ 17.Bxf4 
Rxf4 18.Qxd4 exd4 19.Rad1 c5 20.Kg3 Be5 21.Kf2 Nd7 
22.Rhg1 Nf6 23.Bd3 Rf8 24.Rde1 Nh5 25.Be4 d3 
26.Re3 Bd4 27.Rge1 Rxe4 28.Kg2 Rxe3 29.Rxe3 Bxe3 
30.a4 d2 31.h4 d1Q 32.Kh3 Qxf3+ 0-1

[Event "HCL-C4129"]
[Site "www.playchess.de"]
[Date "2006.02.28"]
[Round "10"]
[White "gobber"]
[Black "spartan1"]
[WhiteElo "755"]
[BlackElo "908"]
[PlyCount "62"]
[Result "0-1"]

1.e4 {Hi and good luck!!!}  e5 {Hello, and I to 
hope we have a good game.}  2.Nf3 {Hi thanks}  d5 
3.d3 d4 4.Bg5 f6 5.Bd2 Nc6 6.Be2 Bb4 7.c3 Bc5 8.b4 
Be7 9.O-O a6 10.Qc2 Be6 11.Na3 Qd6 12.c4 Nxb4 
13.Bxb4 Qxb4 14.Nb1 O-O-O 15.a3 Qa5 16.Nfd2 Bc5 
17.h3 Qb6 18.Nb3 Ne7 19.Qd2 Qxb3 20.Bd1 Qb6 21.Qe1 
h5 22.Nd2 h4 23.Rb1 Qa5 24.Bg4 Bxg4 25.f3 Bh5 
26.Qxh4 Qxd2 27.Rf2 Qxd3 28.g4 Qxb1+ 29.Rf1 d3+ 
30.Kg2 Qc2+ 31.Kh1 d2 0-1

[Event "HCL-B3768"]
[Site "www.playchess.de"]
[Date "2006.02.28"]
[Round "4"]
[White "KAzUl_4"]
[Black "tilki64"]
[WhiteElo "1212"]
[BlackElo "1400"]
[PlyCount "37"]
[Result "1-0"]

1.d4 f5 2.Nc3 Nf6 3.f3 g6 4.e4 fxe4 5.fxe4 Bg7 
6.e5 Ng8 7.Nf3 d5 8.Bg5 Nh6 9.Bxh6 Bxh6 10.Bd3 O-O 
11.O-O Bf5 12.Bxf5 gxf5 13.Nh4 e6 14.Qh5 Qg5 
15.Qxg5+ Bxg5 16.g3 Be3+ 17.Kg2 Nc6 18.Nb5 Nxd4 
19.Nxc7 1-0

[Event "HCL-E1539"]
[Site "www.playchess.de"]
[Date "2006.02.28"]
[Round "9"]
[White "Matu"]
[Black "Glomp"]
[WhiteElo "1506"]
[BlackElo "1564"]
[PlyCount "53"]
[Result "1-0"]

1.e4 c5 {Number nine, number nine...}  2.Bc4 Nc6 
3.d3 e6 4.Nc3 d6 5.f4 Nf6 6.h3 Be7 7.Nf3 Qc7 8.O-O 
O-O 9.Be3 a6 10.a3 b5 11.Ba2 Bb7 12.Ne2 Rac8 13.c4 
Na5 14.cxb5 axb5 15.b4 cxb4 16.axb4 Nc6 17.Rc1 Qd7 
18.Qb3 d5 19.e5 Ne8 20.Bc5 Nc7 21.d4 Na6 22.Nc3 
Bxc5 23.bxc5 b4 24.Na4 Na5 25.Qd3 Qxa4 26.Rca1 b3 
27.Bb1 1-0

[Event "HCL-B3819"]
[Site "www.playchess.de"]
[Date "2006.02.28"]
[Round "4"]
[White "schnitzly"]
[Black "taroak"]
[WhiteElo "1301"]
[BlackElo "1506"]
[PlyCount "57"]
[Result "1-0"]

1.e4 {hi and much fun!}  c5 {Gruss Dich und Danke. 
Oh und gute Rutsch auch}  2.Nf3 {Rutsche auch 
gut!!}  g6 3.d4 cxd4 4.Nxd4 Nc6 5.Be3 Nf6 6.Nxc6 
bxc6 7.f3 Bg7 8.Nc3 O-O 9.Qd2 d6 10.Bc4 Nd7 11.Bd4 
e5 12.Be3 Re8 13.Qxd6 Qa5 14.Qxc6 Qb4 15.Bb3 Nf8 
16.Qc4 Qe7 17.Bc5 Be6 18.Bxe7 Bxc4 19.Bxc4 Rxe7 
20.O-O-O Rc7 21.Bb3 Nd7 22.Nd5 Rb7 23.Ba4 Rab8 
24.Bxd7 Rxd7 25.Rd3 Rdb7 26.b3 a5 27.a4 Bh6+ 
28.Kb2 f5 29.Rhd1 1-0

[Event "HCL-C4096"]
[Site "www.playchess.de"]
[Date "2006.02.28"]
[Round "4"]
[White "Moringa"]
[Black "lui123matt"]
[WhiteElo "800"]
[BlackElo "800"]
[PlyCount "29"]
[Result "1-0"]

1.e4 e5 2.Qf3 Nc6 3.Bc4 Nf6 4.Nc3 d6 5.d3 Bg4 
6.Qg3 Nb4 7.Bb3 c5 8.Be3 Qb6 9.Nd5 Qa5 10.Nxf6+ 
gxf6 11.Qxg4 Nxc2+ 12.Ke2 Nxa1 13.Nf3 Nxb3 14.axb3 
Qa2 15.Rc1 1-0

[Event "HCL-A2632"]
[Site "www.playchess.de"]
[Date "2006.02.28"]
[Round "6"]
[White "redstar"]
[Black "grannialex"]
[WhiteElo "1666"]
[BlackElo "1840"]
[PlyCount "72"]
[Result "0-1"]

1.e4 e5 2.Nf3 Nf6 3.Nxe5 d6 4.Nf3 Nxe4 5.d4 d5 
6.Bd3 Nc6 7.O-O Be7 8.c4 Bg4 9.cxd5 Qxd5 10.Nc3 
Nxc3 11.bxc3 O-O 12.Re1 Bxf3 13.Qxf3 Qxf3 14.gxf3 
Bd6 15.a4 Rfe8 16.Bg5 Rxe1+ 17.Rxe1 h6 18.Bh4 Kf8 
19.Bg3 Re8 20.Rxe8+ Kxe8 21.Bc4 Ne7 22.Kf1 Nf5 
23.Ke2 Ke7 24.Kd3 h5 25.Bd5 h4 {Nxg3 is clear 
draw, so I try}  26.Bxd6+ Nxd6 27.c4 c6 28.Be4 f5 
29.d5 fxe4+ 30.fxe4 cxd5 31.cxd5 b5 32.e5 bxa4 
33.exd6+ Kxd6 34.Kc4 a3 35.Kb3 Kxd5 36.Kxa3 
Ke4 0-1